000 00543nam a2200217Ia 4500
003 OSt
005 20220928140616.0
006 a|||||r|||| 00| 0
007 ta
008 220927b |||||||| |||| 00| 0 eng d
024 _a9909
037 _cTextual
040 _aSDCL
_cSDCL
_beng
041 _2eng
_aeng
082 _aX:77.1(X)'N7, L6
100 _aUri Pierre
_9496227
245 0 _aDevelopment without developmence
260 _c1976
942 _hX:77.1(X)'N7, L6
_cTEXL
_2CC
999 _c812516
_d812516